| 000 | 00636 a2200181 4500 | ||
|---|---|---|---|
| 003 | Nust | ||
| 005 | 20170207153205.0 | ||
| 040 | _cNust | ||
| 082 | _a005.1 | ||
| 100 | _aAbbasi, Zulfiqar Ahmed (MSCS-6) | ||
| 245 |
_aDesign and implementation of a budget control and management system _cZulfiqar Ahmed Abbasi |
||
| 260 |
_bMCS,NUST _c2004 _aRawalpindi |
||
| 300 | _axi, 94, p.; | ||
| 505 | _aIntroduction (page-1) The Existing system (page-7)The proposed system (page-11) The system design (page-300 Testing and evaluation (page-42) Conclusion (page-49) | ||
| 538 | _aAlmirah No 73 Shelf No 1 | ||
| 650 | _aPG Thesis | ||
| 651 | _aMSCS-6 | ||
| 942 | _cTHS | ||
| 999 |
_c181181 _d181181 |
||